000 01641nam a22003257i 4500
003 DO-SdBNP
005 20250305084701.0
007 ta
008 201208b2010 dr ||||| |||| 00| 0 spa d
020 _a9789945870183
040 _aDO-SdBNP
_bspa
_cBNPHU
_erda
041 _aspa
082 4 _a342.729307
_bR618d
_222
100 1 _aRivas, Polivio,
_eautor
_4aut.
_977552
245 1 0 _aEl derecho electoral dominicano /
_cPolivio Isauro Rivas Pérez ; prólogo, Julio Cesar de la Rosa Tiburcio.
264 1 _aSanto Domingo :
_bEditora Nurys Paulino,
_c[2010].
300 _a446 páginas ;
_c23 cm.
336 _atexto
_btxt
_2rdacontent
337 _asin mediación
_bn
_2rdamedia
338 _avolumen
_bnc
_2rdacarrier
500 _aIncluye datos biográficos del autor en la solapa de la contracubierta.
500 _aIncluye referencias bibliográficas y notas al pie de las páginas
504 _aBibliografía : p. 431- 444
505 _tDerecho electoral --
_tDerecho y deberes civiles y políticos --
_tAutoridades y organismo electorales --
_tAtribuciones reglamentarias de la JCE --
_tLas candidaturas electorales --
_tFormas de elección popular --
_tCampañas y plazos electorales --
_tApertura de los colegios electorales --
_tEl voto como expresión popular --
_tLos recursos contenciosos-electorales --
_tLa justicia contenciosa electoral --
_tJusticia penal electoral.
590 _aInventariado, 2020 /LP
650 7 _aDerecho electoral
_zRepública Dominicana
_2LEMB
_986541
700 1 _aRosa Tiburcio, Julio Cesar de la,
_eprologuista
_4pr.
_986555
910 _aValidado. Control de calidad MFF
942 _2ddc
_cLBS1
999 _c49264
_d49264